Nomoárquica, Principialística Jurídica o Filosofía y Ciencia de los Principios Generales del Derecho.
Enregistré dans:
| Auteur principal: | |
|---|---|
| Format: | Livre |
| Langue: | anglais |
| Publié: |
Medellín, Colombia:
Librería Jurídica Comlibros,
2007.
|
| Édition: | Cuarta edición. |
| Sujets: | |
| Tags: |
Ajouter un tag
Pas de tags, Soyez le premier à ajouter un tag!
|
MARC
| LEADER | 00000nam a22000007a 4500 | ||
|---|---|---|---|
| 003 | CL-VaPUC | ||
| 005 | 20230126082244.0 | ||
| 008 | 220321t2007 ||||| |||| 00| 0 eng d | ||
| 999 | |c 435010 |d 435008 | ||
| 020 | |a 978-958-97912-9-5 | ||
| 040 | |c Pontificia Universidad Católica de Valparaíso | ||
| 082 | 7 | |a 340.1 VAL 2007 |2 22 | |
| 100 | |a Valencia Restrepo, Hernán |9 867453 |e autor | ||
| 245 | |a Nomoárquica, Principialística Jurídica o Filosofía y Ciencia de los Principios Generales del Derecho. | ||
| 250 | |a Cuarta edición. | ||
| 260 | |a Medellín, Colombia: |b Librería Jurídica Comlibros, |c 2007. | ||
| 300 | |a xxxvii, 652 páginas. | ||
| 505 | |a Índice general: - Introducción al estudio del derecho principal. - Capítulo 1°: Funciones de los principios generales del derecho. - Capítulo 2°: Historia de los principios generales del derecho. - Capítulo 3°:Origen de los principios generales del derecho. - Capítulo 4°: Naturaleza de los principios generales del derecho. - Capítulo 5°: Fundamentación de los principios generales del derecho. - Capítulo 6°: Descubrimiento y enumeración ejemplificativa de principios generales del derecho. - Recapitulación y conclusiones. | ||
| 583 | |c 20220321 |k Yessy Stephany Diaz Vidal | ||
| 650 | 0 | |a Filosofía del derecho |9 255050 | |
| 650 | 0 | |a Derecho |x Metodología |9 869334 | |
| 942 | |2 ddc |c BK | ||
| 952 | |0 0 |1 0 |2 ddc |4 0 |6 340_100000000000000_VAL_2007 |7 1 |8 C_AGB |9 581995 |a BIBDER |b BIBDER |d 2022-03-21 |e Donación |i 5650282 |o 340.1 VAL 2007 |p 5650282 |r 2023-01-25 |t 1 |w 2022-03-21 |y BK_US |k AGB | ||